000 00800nam a22002177a 4500
999 _c6071
_d6071
003 AR-CdUCM
008 190313b ||||| |||| 00| 0 spa d
040 _aMUNICIPALIDAD PROVINCIAL DEL CUSCO
_cBIBLIOTECA MUNICIPAL DEL CUSCO
082 _a869.96 /
_bOR77
100 _aOrta Ruiz, Jesús
_917676
245 _aPase de lista en décimas a la medida de sus nombres /
260 _aLa Habana :
_bFederico Engels.
_c1973.
300 _a88 páginas ;
_c14 cm.
500 _aDonación familia Luis Nieto
505 _aContenido: Hexasílabas -- Heptasílabas -- Octosílabas -- Eneasílabas -- Decasílabas -- Endecasílabas -- Dodecasílabas.
650 _aDécimas poéticas
_917677
650 _aCombatientes
_917678
650 _aSoberanía musical
_917679
942 _2ddc
_cLIBROS
945 _adavv